Chile internacional II: Skizzen des Südens - Landkarten von morgen = Bocetos del sur - Mapas del devenir.
Saved in:
| Hovedforfatter: | |
|---|---|
| Andre forfattere: | , , |
| Format: | Ukendt |
| Udgivet: |
Berlin, Germany:
nGbK,
2022.
|
| Fag: | |
| Tags: |
Tilføj Tag
Ingen Tags, Vær først til at tagge denne postø!
|
MARC
| LEADER | 00000 a2200000 4500 | ||
|---|---|---|---|
| 003 | CL-VaPUC | ||
| 005 | 20250326100402.0 | ||
| 008 | 250206t2022 ||||| |||| 00| 0 eng d | ||
| 999 | |c 446861 |d 446859 | ||
| 020 | |a 978-3-938515-98-3 | ||
| 040 | |c Pontificia Universidad Católica de Valparaíso | ||
| 082 | |a 701.03 FAH 2022 | ||
| 100 | |9 896157 |a Fahrenkrog, Valeria |e coordinación editorial | ||
| 245 | |a Chile internacional II: |b Skizzen des Südens - Landkarten von morgen = Bocetos del sur - Mapas del devenir. | ||
| 260 | |a Berlin, Germany: |b nGbK, |c 2022. | ||
| 300 | |a 172 páginas: |b fotografías. | ||
| 583 | |k Gabriela Rodríguez Cuevas |c 20250206 | ||
| 650 | 0 | |9 872272 |a Arte y sociedad |y 2019 |z Chile | |
| 650 | 0 | |9 315241 |a Movimientos sociales |z Chile | |
| 650 | 0 | |9 881423 |a Estallido social |z Chile | |
| 700 | |9 896158 |a Meier, Eva-Christina |e coordinación editorial | ||
| 700 | |9 896159 |a Dinslage, Nele |e corrección en alemán | ||
| 700 | |9 896160 |a Brodsky, Camilo |e corrección en español | ||
| 942 | |2 ddc |c BK | ||
| 952 | |0 0 |1 0 |2 ddc |4 0 |6 701_030000000000000_FAH_2022 |7 0 |8 R |9 600188 |a BIBART |b BIBART |d 2025-01-30 |e 45 |g 12000.00 |i 5665070 |o 701.03 FAH 2022 |p 5665070 |r 2025-01-30 |t 1 |v 12000.00 |w 2025-01-30 |y BK_R |k ART | ||